| 000 | 00730nam a22002297a 4500 | ||
|---|---|---|---|
| 999 |
_c17492 _d17492 |
||
| 003 | AR-CdUCM | ||
| 008 | 190314b ||||| |||| 00| 0 spa d | ||
| 040 |
_aMUNICIPALIDAD PROVINCIAL DEL CUSCO _cBIBLIOTECA MUNICIPAL DEL CUSCO |
||
| 082 |
_a869.56 / _bL86M |
||
| 100 |
_aLopez Albujar, Enrique _96 |
||
| 245 | _aLos Mejores Cuentos / | ||
| 260 |
_aLima : _bNicolini Hermanos, _c1957. |
||
| 300 |
_a120 paginas ; _c16 cm. |
||
| 440 |
_aSegunda serie de autores peruanos _917815 |
||
| 500 | _aPrologo de Juan Rios Donación familia Nieto | ||
| 650 |
_aCuentos _9312 |
||
| 650 |
_aHistorias _92725 |
||
| 650 |
_aLiteratura _983 |
||
| 700 |
_aRíos, Juan (prologo) _917952 |
||
| 942 |
_2ddc _cLIBROS |
||
| 945 |
_adavv _d2019-05-08 |
||